Immigrant Cities - Statistics

General Stats
  • This quiz has been taken 1,929 times
  • The average score is 14 of 16
Answer Stats
Population City Country % Correct
2,998,264 London United Kingdom
100%
2,943,047 New York City United States
99%
1,128,035 Moscow Russia
98%
1,555,056 Los Angeles United States
97%
436,576 Paris France
97%
1,237,720 Toronto Canada
97%
236,855 Milan Italy
92%
260,760 Vancouver Canada
92%
490,200 Montreal Canada
90%
584,944 Chicago United States
87%
2,549,780 Hong Kong China
85%
1,054,000 Riyadh Saudi Arabia
80%
177,045 Birmingham United Kingdom
79%
178,545 Ottawa Canada
77%
167,311 Boston United States
74%
83,429 Washington DC United States
64%
No matching quizzes found
Score Distribution
Percent of People with Each Score
Percentile by Number Answered
Your Score History
You have not taken this quiz